[Event "GX Alekhine Open de Outono 2022"]
[Site "Lisboa, Portugal"]
[Date "????.??.??"]
[Round "5.1"]
[White "Costa, Guilherme Henriques"]
[Black "Reis, Luis Simoes Dos"]
[Result "1/2-1/2"]
[WhiteElo "1617"]
[BlackElo "1784"]
[PlyCount "96"]

1. e4 {[%emt 0:00:02]} e6 {[%emt 0:03:40]} 2. d4 {[%emt 0:00:06]} d5 {[%emt 0:
00:10]} 3. e5 {[%emt 0:02:03]} c5 {[%emt 0:00:44]} 4. c3 {[%emt 0:00:08]} Nc6 {
[%emt 0:00:09]} 5. Nf3 {[%emt 0:00:29]} Bd7 {[%emt 0:00:14]} 6. Be2 {[%emt 0:
01:09]} Qb6 {[%emt 0:02:49]} 7. O-O {[%emt 0:01:41]} cxd4 {[%emt 0:01:20]} 8.
cxd4 {[%emt 0:00:23]} f6 {[%emt 0:04:18]} 9. Nc3 {[%emt 0:07:33]} a6 {[%emt 0:
10:14]} 10. Na4 {[%emt 0:26:21]} Qc7 {[%emt 0:01:31]} 11. Bf4 {[%emt 0:02:25]}
b5 {[%emt 0:07:18]} 12. Nc3 {[%emt 0:02:04]} f5 {[%emt 0:22:56]} 13. Bg3 {
[%emt 0:10:20]} Qb6 {[%emt 0:04:32]} 14. Rc1 {[%emt 0:08:05]} Nh6 {[%emt 0:03:
30]} 15. Bf4 {[%emt 0:07:57]} Nf7 {[%emt 0:00:28]} 16. Be3 {[%emt 0:00:18]} Be7
{[%emt 0:00:36]} 17. Qd2 {[%emt 0:00:36]} O-O {[%emt 0:00:23]} 18. Rfd1 {
[%emt 0:00:44]} Rac8 {[%emt 0:02:17]} 19. Rc2 {[%emt 0:06:09]} Na5 {[%emt 0:03:
25]} 20. Rcc1 {[%emt 0:08:58]} Nc4 {[%emt 0:04:14]} 21. Bxc4 {[%emt 0:00:20]}
Rxc4 {[%emt 0:00:16]} 22. b3 {[%emt 0:00:31]} Rc7 {[%emt 0:00:29]} 23. Ne2 {
[%emt 0:00:18]} Rfc8 {[%emt 0:00:32]} 24. Rxc7 {[%emt 0:00:21]} Rxc7 {[%emt 0:
00:06]} 25. Rc1 {[%emt 0:00:06]} Rxc1+ {[%emt 0:07:37]} 26. Qxc1 {[%emt 0:00:
56]} Qc6 {[%emt 0:02:48]} 27. Qxc6 {[%emt 0:01:54]} Bxc6 {[%emt 0:00:04]} 28.
Nc1 {[%emt 0:00:15]} a5 {[%emt 0:07:14]} 29. Nd3 {[%emt 0:00:32]} g5 {[%emt 0:
00:12]} 30. g3 {[%emt 0:01:18]} b4 {[%emt 0:01:25]} 31. Nfe1 {[%emt 0:01:26]}
h6 {[%emt 0:02:32]} 32. f4 {[%emt 0:00:22]} Nd8 {[%emt 0:00:28]} 33. fxg5 {
[%emt 0:03:12]} hxg5 {[%emt 0:00:11]} 34. Kf2 {[%emt 0:00:37]} Kf7 {[%emt 0:00:
36]} 35. Kf3 {[%emt 0:02:55]} Kg6 {[%emt 0:00:36]} 36. h3 {[%emt 0:00:49]} Bb5
{[%emt 0:00:40]} 37. g4 {[%emt 0:00:45]} f4 {[%emt 0:00:44]} 38. Bf2 {[%emt 0:
00:28]} Nc6 {[%emt 0:00:38]} 39. Bg1 {[%emt 0:00:53]} a4 {[%emt 0:00:57]} 40.
Bf2 {[%emt 0:02:36]} Na5 {[%emt 0:02:42]} 41. Nc1 {[%emt 0:00:41]} a3 {[%emt 0:
00:57]} 42. Bg1 {[%emt 0:01:10]} Bf1 {[%emt 0:01:00]} 43. Ng2 {[%emt 0:00:09]}
Bd8 {[%emt 0:00:40]} 44. Kf2 {[%emt 0:00:40]} Bb5 {[%emt 0:02:27]} 45. Ne1 {
[%emt 0:00:33]} Bb6 {[%emt 0:00:17]} 46. Nf3 {[%emt 0:00:15]} Nc6 {[%emt 0:00:
34]} 47. Ke1 {[%emt 0:00:18]} Na5 {[%emt 0:01:24]} 48. Bf2 {[%emt 0:00:26]} Nc6
{[%emt 0:00:36]} 1/2-1/2

[Event "GX Alekhine Open de Outono 2022"]
[Site "Lisboa, Portugal"]
[Date "????.??.??"]
[Round "5.2"]
[White "Fernandes, Afonso Sampaio Da S"]
[Black "Curado, Manuel Joao Ferro"]
[Result "1-0"]
[WhiteElo "1904"]
[BlackElo "1715"]
[PlyCount "46"]

1. d4 {[%emt 0:00:05]} Nf6 {[%emt 0:00:12]} 2. Nf3 {[%emt 0:00:08]} d6 {
[%emt 0:01:19]} 3. c4 {[%emt 0:05:12]} Bf5 {[%emt 0:01:44]} 4. Nc3 {[%emt 0:01:
50]} Nbd7 {[%emt 0:03:18]} 5. Bf4 {[%emt 0:00:32]} c6 {[%emt 0:02:17]} 6. Nh4 {
[%emt 0:02:34]} e6 {[%emt 0:09:58]} 7. Nxf5 {[%emt 0:00:22]} exf5 {[%emt 0:00:
02]} 8. e3 {[%emt 0:05:04]} Ne4 {[%emt 0:12:31]} 9. f3 {[%emt 0:12:10]} g5 {
[%emt 0:16:17]} 10. fxe4 {[%emt 0:00:56]} gxf4 {[%emt 0:00:03]} 11. exf4 {
[%emt 0:00:42]} fxe4 {[%emt 0:01:23]} 12. Qe2 {[%emt 0:04:35]} Nf6 {[%emt 0:21:
53]} 13. Nxe4 {[%emt 0:00:25]} Nxe4 {[%emt 0:00:41]} 14. Qxe4+ {[%emt 0:00:02]}
Qe7 {[%emt 0:00:39]} 15. Qxe7+ {[%emt 0:00:15]} Bxe7 {[%emt 0:00:20]} 16. O-O-O
{[%emt 0:00:16]} Bf6 {[%emt 0:01:11]} 17. g4 {[%emt 0:01:38]} Kd7 {[%emt 0:00:
54]} 18. g5 {[%emt 0:02:34]} Bg7 {[%emt 0:01:30]} 19. f5 {[%emt 0:14:00]} f6 {
[%emt 0:05:43]} 20. h4 {[%emt 0:13:12]} Rae8 {[%emt 0:01:09]} 21. d5 {[%emt 0:
04:06]} c5 {[%emt 0:01:10]} 22. Bd3 {[%emt 0:00:47]} Re3 {[%emt 0:02:24]} 23.
Bc2 {[%emt 0:05:08]} Rhe8 {[%emt 0:02:22]} 1-0

[Event "GX Alekhine Open de Outono 2022"]
[Site "Lisboa, Portugal"]
[Date "????.??.??"]
[Round "5.4"]
[White "Silva, Lourenco Santa Clar"]
[Black "Seia, Joao Manuel Barrada"]
[Result "0-1"]
[WhiteElo "1647"]
[BlackElo "1601"]
[PlyCount "86"]

1. e4 {[%emt 0:00:04]} e5 {[%emt 0:00:02]} 2. Nf3 {[%emt 0:00:06]} Nc6 {
[%emt 0:00:02]} 3. d4 {[%emt 0:00:06]} exd4 {[%emt 0:00:05]} 4. Nxd4 {[%emt 0:
00:04]} Bc5 {[%emt 0:00:09]} 5. Be3 {[%emt 0:00:05]} Qf6 {[%emt 0:05:12]} 6. c3
{[%emt 0:00:04]} a6 {[%emt 0:05:58]} 7. Be2 {[%emt 0:04:16]} Nge7 {[%emt 0:03:
42]} 8. O-O {[%emt 0:01:43]} O-O {[%emt 0:03:56]} 9. f4 {[%emt 0:02:54]} d6 {
[%emt 0:04:09]} 10. g4 {[%emt 0:04:59]} Ng6 {[%emt 0:05:00]} 11. Qd2 {[%emt 0:
14:01]} Qe7 {[%emt 0:04:54]} 12. f5 {[%emt 0:02:36]} Nge5 {[%emt 0:00:42]} 13.
Bh6 {[%emt 0:07:10]} Nxd4 {[%emt 0:04:35]} 14. cxd4 {[%emt 0:00:55]} Bxd4+ {
[%emt 0:01:08]} 15. Qxd4 {[%emt 0:00:31]} gxh6 {[%emt 0:00:49]} 16. f6 {
[%emt 0:01:04]} Qe6 {[%emt 0:00:43]} 17. Qe3 {[%emt 0:02:57]} Nxg4 {[%emt 0:11:
05]} 18. Qf4 {[%emt 0:04:48]} Kh8 {[%emt 0:07:41]} 19. Kh1 {[%emt 0:03:18]} Rg8
{[%emt 0:02:23]} 20. Nc3 {[%emt 0:15:55]} c6 {[%emt 0:08:29]} 21. Rad1 {
[%emt 0:03:48]} Ne5 {[%emt 0:02:38]} 22. Qxh6 {[%emt 0:00:39]} Rg6 {[%emt 0:00:
26]} 23. Qf8+ {[%emt 0:01:23]} Rg8 {[%emt 0:00:16]} 24. Qxd6 {[%emt 0:01:13]}
Qh3 {[%emt 0:12:56]} 25. Rg1 {[%emt 0:01:16]} Ng4 {[%emt 0:00:39]} 26. Rg2 {
[%emt 0:01:38]} Be6 {[%emt 0:03:58]} 27. Rdg1 {[%emt 0:12:58]} Rad8 {[%emt 0:
07:48]} 28. Qf4 {[%emt 0:01:16]} h5 {[%emt 0:01:20]} 29. Bxg4 {[%emt 0:02:45]}
hxg4 {[%emt 0:00:32]} 30. Ne2 {[%emt 0:01:16]} Rg6 {[%emt 0:01:01]} 31. Qc7 {
[%emt 0:03:56]} Rd7 {[%emt 0:02:14]} 32. Qb8+ {[%emt 0:00:18]} Rg8 {[%emt 0:00:
13]} 33. Qe5 {[%emt 0:00:57]} Qh4 {[%emt 0:01:45]} 34. Nd4 {[%emt 0:02:28]} Rg5
{[%emt 0:00:14]} 35. Nf5 {[%emt 0:00:39]} Qh5 {[%emt 0:00:56]} 36. Rg3 {
[%emt 0:00:41]} Bxf5 {[%emt 0:00:19]} 37. exf5 {[%emt 0:00:03]} Rd5 {[%emt 0:
00:15]} 38. Qe7 {[%emt 0:01:11]} Rdxf5 {[%emt 0:00:22]} 39. Rd1 {[%emt 0:01:32]
} Rf2 {[%emt 0:00:29]} 40. Rg2 {[%emt 0:00:39]} g3 {[%emt 0:00:17]} 41. Rd8+ {
[%emt 0:01:54]} Kh7 {[%emt 0:00:06]} 42. Qf8 {[%emt 0:00:29]} Rf1+ {[%emt 0:00:
18]} 43. Rg1 {[%emt 0:00:05]} Qxh2# {[%emt 0:00:02]} 0-1

[Event "GX Alekhine Open de Outono 2022"]
[Site "Lisboa, Portugal"]
[Date "2022.11.02"]
[Round "6.1"]
[White "Reis, Luis Simoes Dos"]
[Black "Fernandes, Afonso Sampaio Da S"]
[Result "1/2-1/2"]
[WhiteElo "1784"]
[BlackElo "1904"]
[PlyCount "44"]
[EventDate "2022.??.??"]

1. d4 {[%emt 0:00:03]} d5 {[%emt 0:01:21]} 2. Bf4 {[%emt 0:00:56]} c5 {[%emt 0:
00:35]} 3. e3 {[%emt 0:00:51]} Nc6 {[%emt 0:00:11]} 4. c3 {[%emt 0:01:44]} cxd4
{[%emt 0:02:40]} 5. exd4 {[%emt 0:00:35]} Bf5 {[%emt 0:00:02]} 6. Nf3 {[%emt 0:
02:04]} e6 {[%emt 0:00:17]} 7. Nbd2 {[%emt 0:04:31]} Bd6 {[%emt 0:00:32]} 8.
Bg3 {[%emt 0:02:52]} Qe7 {[%emt 0:02:38]} 9. Nh4 {[%emt 0:17:08]} Bg6 {[%emt 0:
04:56]} 10. Nxg6 {[%emt 0:08:34]} hxg6 {[%emt 0:00:02]} 11. Bxd6 {[%emt 0:01:
29]} Qxd6 {[%emt 0:00:02]} 12. Nf3 {[%emt 0:00:36]} Nge7 {[%emt 0:05:20]} 13.
Bd3 {[%emt 0:03:04]} Nf5 {[%emt 0:06:30]} 14. Qe2 {[%emt 0:07:51]} f6 {[%emt 0:
05:42]} 15. O-O-O {[%emt 0:05:54]} O-O-O {[%emt 0:03:47]} 16. Kb1 {[%emt 0:05:
30]} Rhe8 {[%emt 0:04:04]} 17. g4 {[%emt 0:06:52]} Nfe7 {[%emt 0:00:51]} 18.
Rde1 {[%emt 0:01:13]} Kd7 {[%emt 0:00:29]} 19. h4 {[%emt 0:02:12]} Rh8 {
[%emt 0:06:00]} 20. Qe3 {[%emt 0:09:21]} Rc8 {[%emt 0:05:13]} 21. Qe2 {[%emt 0:
03:34]} a6 {[%emt 0:02:57]} 22. Qe3 {[%emt 0:01:15]} Ke8 {[%emt 0:16:39]}
1/2-1/2

[Event "GX Alekhine Open de Outono 2022"]
[Site "Lisboa, Portugal"]
[Date "2022.11.02"]
[Round "6.2"]
[White "Vedor, Bernardo Marques"]
[Black "Costa, Guilherme Henriques"]
[Result "1-0"]
[WhiteElo "1613"]
[BlackElo "1617"]
[PlyCount "103"]
[EventDate "2022.??.??"]

1. e4 {[%emt 0:00:03]} e5 {[%emt 0:00:04]} 2. Nf3 {[%emt 0:00:19]} Nc6 {
[%emt 0:00:11]} 3. Bb5 {[%emt 0:00:13]} Nf6 {[%emt 0:01:23]} 4. d3 {[%emt 0:00:
20]} Ne7 {[%emt 0:02:00]} 5. O-O {[%emt 0:06:23]} Ng6 {[%emt 0:00:16]} 6. Nc3 {
[%emt 0:02:17]} Be7 {[%emt 0:01:30]} 7. d4 {[%emt 0:02:44]} exd4 {[%emt 0:04:
20]} 8. Qxd4 {[%emt 0:03:08]} O-O {[%emt 0:03:22]} 9. e5 {[%emt 0:07:05]} Ne8 {
[%emt 0:02:12]} 10. Bc4 {[%emt 0:02:36]} d6 {[%emt 0:03:52]} 11. Rd1 {[%emt 0:
02:05]} Be6 {[%emt 0:15:35]} 12. Bxe6 {[%emt 0:08:10]} fxe6 {[%emt 0:00:11]}
13. Qg4 {[%emt 0:01:59]} Qc8 {[%emt 0:11:00]} 14. Re1 {[%emt 0:05:17]} Nxe5 {
[%emt 0:16:03]} 15. Nxe5 {[%emt 0:00:30]} dxe5 {[%emt 0:00:05]} 16. Rxe5 {
[%emt 0:03:08]} Rf6 {[%emt 0:02:24]} 17. Bg5 {[%emt 0:10:07]} Rg6 {[%emt 0:04:
52]} 18. Qh5 {[%emt 0:06:44]} Bd6 {[%emt 0:03:02]} 19. Re2 {[%emt 0:00:31]} Nf6
{[%emt 0:02:07]} 20. Bxf6 {[%emt 0:00:52]} Rxf6 {[%emt 0:00:05]} 21. h3 {
[%emt 0:04:32]} e5 {[%emt 0:05:04]} 22. Ne4 {[%emt 0:02:10]} Rg6 {[%emt 0:00:
31]} 23. Ng5 {[%emt 0:03:35]} Rh6 {[%emt 0:07:32]} 24. Qf7+ {[%emt 0:01:28]}
Kh8 {[%emt 0:00:12]} 25. Qd5 {[%emt 0:01:06]} Rf6 {[%emt 0:02:44]} 26. Nf7+ {
[%emt 0:00:33]} Rxf7 {[%emt 0:00:16]} 27. Qxf7 {[%emt 0:00:06]} Qd8 {[%emt 0:
00:36]} 28. Qf5 {[%emt 0:03:50]} Qh4 {[%emt 0:00:43]} 29. Qe4 {[%emt 0:00:49]}
Qf6 {[%emt 0:01:14]} 30. Rd1 {[%emt 0:01:01]} Rf8 {[%emt 0:00:43]} 31. Rd3 {
[%emt 0:00:48]} Qe6 {[%emt 0:01:02]} 32. b3 {[%emt 0:02:51]} b6 {[%emt 0:00:08]
} 33. Qg4 {[%emt 0:00:48]} Qh6 {[%emt 0:00:39]} 34. Rde3 {[%emt 0:03:30]} Bc5 {
[%emt 0:02:23]} 35. Rf3 {[%emt 0:01:59]} Rd8 {[%emt 0:00:55]} 36. g3 {[%emt 0:
00:59]} Qc1+ {[%emt 0:03:13]} 37. Kg2 {[%emt 0:00:57]} Qd1 {[%emt 0:00:30]} 38.
Rf7 {[%emt 0:02:37]} Qd5+ {[%emt 0:01:42]} 39. Qf3 {[%emt 0:00:17]} Qd6 {
[%emt 0:00:47]} 40. Rf5 {[%emt 0:01:17]} Re8 {[%emt 0:00:32]} 41. Rfxe5 {
[%emt 0:00:57]} Rf8 {[%emt 0:01:07]} 42. Re8 {[%emt 0:00:48]} Kg8 {[%emt 0:01:
11]} 43. Rxf8+ {[%emt 0:00:42]} Qxf8 {[%emt 0:00:13]} 44. Qf5 {[%emt 0:00:16]}
Qf7 45. Qxf7+ {[%emt 0:00:07] Kf8 Re4+} Kxf7 46. b4 {[%emt 0:00:21]} Bd6 {
[%emt 0:00:08]} 47. b5 {[%emt 0:00:25]} Kf6 {[%emt 0:00:34] Ra4 Ke5} 48. Kf3 {
[%emt 0:01:22] Kd5 Ke3} Bc5 {[%emt 0:00:15] Kf3 Bd6} 49. h4 {[%emt 0:01:46]} h5
{[%emt 0:00:58]} 50. Re4 {[%emt 0:01:17] Be5 c4+ Kd6 Ke3 Bf6 Kf4 Kc5 f3} Bd4 {
[%emt 0:00:20]} 51. Re7 {[%emt 0:00:18] Kxc4 Rxc7+ Kxb5 Rxa7} Bc5 {[%emt 0:01:
29]} 52. Rxg7 {[%emt 0:01:03]} 1-0

[Event "GX Alekhine Open de Outono 2022"]
[Site "Lisboa, Portugal"]
[Date "2022.11.02"]
[Round "6.3"]
[White "Seia, Joao Manuel Barrada"]
[Black "Miranda, Raul Augusto Barros"]
[Result "0-1"]
[WhiteElo "1601"]
[BlackElo "1682"]
[PlyCount "72"]
[EventDate "2022.??.??"]

1. e4 {[%emt 0:00:02]} e5 {[%emt 0:00:22]} 2. Nf3 {[%emt 0:00:02]} Nc6 {
[%emt 0:00:09]} 3. Bb5 {[%emt 0:00:05]} a6 {[%emt 0:02:05]} 4. Bxc6 {[%emt 0:
00:07]} dxc6 {[%emt 0:00:08]} 5. O-O {[%emt 0:00:04]} f6 {[%emt 0:00:05]} 6. d4
{[%emt 0:00:28]} exd4 {[%emt 0:00:10]} 7. Nxd4 {[%emt 0:00:06]} Bd6 {[%emt 0:
02:47]} 8. Be3 {[%emt 0:04:16]} Ne7 {[%emt 0:07:48]} 9. Qe2 {[%emt 0:08:00]}
O-O {[%emt 0:03:42]} 10. Rd1 {[%emt 0:02:26]} Qe8 {[%emt 0:02:27]} 11. Nd2 {
[%emt 0:16:21]} Ng6 {[%emt 0:05:42]} 12. Re1 {[%emt 0:06:58]} Ne5 {[%emt 0:09:
33]} 13. f3 {[%emt 0:05:32]} Qh5 {[%emt 0:04:47]} 14. g4 {[%emt 0:06:05]} Qf7 {
[%emt 0:08:47]} 15. h3 {[%emt 0:08:37]} c5 {[%emt 0:05:47]} 16. N4b3 {[%emt 0:
01:39]} b6 {[%emt 0:01:59]} 17. f4 {[%emt 0:06:07]} Nc6 {[%emt 0:09:28]} 18.
Rf1 {[%emt 0:01:54]} Qe7 {[%emt 0:03:09]} 19. Rae1 {[%emt 0:01:48]} Bb7 {
[%emt 0:02:30]} 20. Qc4+ {[%emt 0:01:31]} Kh8 {[%emt 0:00:20]} 21. Nf3 {
[%emt 0:02:02]} b5 {[%emt 0:01:27]} 22. Qe2 {[%emt 0:01:16]} Rae8 {[%emt 0:09:
11]} 23. e5 {[%emt 0:04:43]} fxe5 {[%emt 0:00:30]} 24. fxe5 {[%emt 0:00:21]}
Nxe5 {[%emt 0:00:39]} 25. Nxe5 {[%emt 0:04:00]} Qxe5 {[%emt 0:00:22]} 26. Rxf8+
{[%emt 0:04:07]} Rxf8 {[%emt 0:00:09]} 27. Qf2 {[%emt 0:13:10]} Rxf2 {[%emt 0:
01:09]} 28. Bxf2 {[%emt 0:00:22]} Qh2+ {[%emt 0:01:13]} 29. Kf1 {[%emt 0:00:09]
} Qxh3+ {[%emt 0:00:27]} 30. Ke2 {[%emt 0:00:13]} Qxg4+ {[%emt 0:00:27]} 31.
Kd2 {[%emt 0:01:46]} Bf4+ {[%emt 0:00:43]} 32. Kc3 {[%emt 0:01:31]} b4+ {
[%emt 0:00:35]} 33. Kd3 {[%emt 0:00:20]} Qf3+ {[%emt 0:02:11]} 34. Be3 {
[%emt 0:00:40]} h6 {[%emt 0:00:41]} 35. Nxc5 {[%emt 0:00:28]} Bxe3 {[%emt 0:00:
31]} 36. Rxe3 {[%emt 0:00:27]} Qd5+ {[%emt 0:00:32] Kd4} 0-1

[Event "GX Alekhine Open de Outono 2022"]
[Site "Lisboa, Portugal"]
[Date "2022.11.02"]
[Round "6.4"]
[White "Curado, Manuel Joao Ferro"]
[Black "Ribeiro, Tomas Sequeira Bett"]
[Result "1-0"]
[WhiteElo "1715"]
[BlackElo "1237"]
[PlyCount "105"]
[EventDate "2022.??.??"]

1. b4 {[%emt 0:00:04]} d5 {[%emt 0:00:09]} 2. Bb2 {[%emt 0:00:08]} Bf5 {
[%emt 0:00:12]} 3. e3 {[%emt 0:00:12]} e6 {[%emt 0:00:13]} 4. Nf3 {[%emt 0:00:
25]} Nd7 {[%emt 0:00:33]} 5. Be2 {[%emt 0:00:24]} Ngf6 {[%emt 0:00:05]} 6. a3 {
[%emt 0:00:13]} Bd6 {[%emt 0:00:35]} 7. d4 {[%emt 0:00:30]} O-O {[%emt 0:00:13]
} 8. Nbd2 {[%emt 0:00:22]} h6 {[%emt 0:00:59]} 9. c4 {[%emt 0:00:13]} c6 {
[%emt 0:01:37]} 10. O-O {[%emt 0:00:59]} a5 {[%emt 0:00:28]} 11. c5 {[%emt 0:
11:32]} Be7 {[%emt 0:02:02]} 12. Nb3 {[%emt 0:06:08]} axb4 {[%emt 0:01:54]} 13.
axb4 {[%emt 0:00:23]} b6 {[%emt 0:00:18]} 14. Rxa8 {[%emt 0:03:21]} Qxa8 {
[%emt 0:00:06]} 15. Qa1 {[%emt 0:01:31]} b5 {[%emt 0:01:35]} 16. Qxa8 {[%emt 0:
02:38]} Rxa8 {[%emt 0:00:06]} 17. Ra1 {[%emt 0:00:51]} Rxa1+ {[%emt 0:00:47]}
18. Bxa1 {[%emt 0:00:03]} Bd8 {[%emt 0:00:13]} 19. Na5 {[%emt 0:07:30]} Bxa5 {
[%emt 0:00:06]} 20. bxa5 {[%emt 0:00:14]} Ne8 {[%emt 0:00:15]} 21. a6 {[%emt 0:
07:08]} Nc7 {[%emt 0:00:09]} 22. a7 {[%emt 0:01:21]} Kf8 {[%emt 0:00:31]} 23.
Bc3 {[%emt 0:02:06]} Ke8 {[%emt 0:01:19]} 24. Ba5 {[%emt 0:00:16]} Na8 {
[%emt 0:00:13]} 25. Kf1 {[%emt 0:02:07]} f6 {[%emt 0:00:09]} 26. Nh4 {[%emt 0:
03:52]} Nf8 {[%emt 0:00:31]} 27. Nxf5 {[%emt 0:06:45]} exf5 {[%emt 0:00:05]}
28. Bd3 {[%emt 0:01:28]} g6 {[%emt 0:00:14]} 29. Ke2 {[%emt 0:04:01]} Kd7 {
[%emt 0:00:10]} 30. g3 {[%emt 0:02:21]} Kc8 {[%emt 0:00:11]} 31. f3 {[%emt 0:
00:39]} Kb7 {[%emt 0:00:27]} 32. g4 {[%emt 0:04:04]} fxg4 {[%emt 0:00:27]} 33.
fxg4 {[%emt 0:00:35]} Kxa7 {[%emt 0:01:59]} 34. Bd8 {[%emt 0:00:32]} Ka6 {
[%emt 0:00:15]} 35. Bxf6 {[%emt 0:01:05]} Ka5 {[%emt 0:00:43]} 36. Bg7 {
[%emt 0:01:01]} Ne6 {[%emt 0:00:57]} 37. Bxh6 {[%emt 0:00:32]} Ka4 {[%emt 0:00:
15]} 38. Bxg6 {[%emt 0:00:43]} b4 {[%emt 0:00:09]} 39. Bf5 {[%emt 0:01:02]}
Nac7 {[%emt 0:00:06]} 40. g5 {[%emt 0:00:50]} Ka3 {[%emt 0:00:23]} 41. g6 {
[%emt 0:00:50]} Ka2 {[%emt 0:00:31]} 42. g7 {[%emt 0:00:19]} Nxg7 {[%emt 0:00:
11]} 43. Bxg7 {[%emt 0:00:12]} b3 {[%emt 0:00:15]} 44. h4 {[%emt 0:00:55]} b2 {
[%emt 0:00:05]} 45. h5 {[%emt 0:00:44]} Ne6 {[%emt 0:00:07]} 46. h6 {[%emt 0:
00:24]} Ng5 {[%emt 0:00:03]} 47. h7 {[%emt 0:04:48]} Ne4 {[%emt 0:00:55]} 48.
h8=Q {[%emt 0:00:23]} b1=Q {[%emt 0:00:36]} 49. Qa8+ {[%emt 0:00:16]} Kb3 {
[%emt 0:00:34]} 50. Qb7+ {[%emt 0:00:11]} Kc2 {[%emt 0:00:17]} 51. Bxe4+ {
[%emt 0:00:32]} dxe4 {[%emt 0:00:45]} 52. Qxb1+ {[%emt 0:00:09]} Kxb1 {[%emt 0:
00:06]} 53. d5 {[%emt 0:00:10]} 1-0

[Event "GX Alekhine Open de Outono 2022"]
[Site "Lisboa, Portugal"]
[Date "????.??.??"]
[Round "7.1"]
[White "Vedor, Bernardo Marques"]
[Black "Reis, Luis Simoes Dos"]
[Result "1/2-1/2"]
[WhiteElo "1613"]
[BlackElo "1784"]
[PlyCount "31"]

1. e4 {[%emt 0:03:04]} c5 {[%emt 0:00:32]} 2. Nf3 {[%emt 0:00:09]} a6 {[%emt 0:
00:17]} 3. c4 {[%emt 0:00:46]} Nc6 {[%emt 0:00:18]} 4. d4 {[%emt 0:00:12]} cxd4
{[%emt 0:00:09]} 5. Nxd4 {[%emt 0:00:06]} Nf6 {[%emt 0:00:44]} 6. Nc3 {[%emt 0:
00:39]} Qc7 {[%emt 0:02:50]} 7. Be3 {[%emt 0:02:11]} d6 {[%emt 0:03:22]} 8. Be2
{[%emt 0:01:37]} e6 {[%emt 0:15:49]} 9. O-O {[%emt 0:01:21]} Bd7 {[%emt 0:02:
23]} 10. Nc2 {[%emt 0:04:27]} Be7 {[%emt 0:05:15]} 11. Qd2 {[%emt 0:03:23]} Ne5
{[%emt 0:06:20]} 12. b3 {[%emt 0:08:46]} Rc8 {[%emt 0:04:12]} 13. Bd4 {[%emt 0:
12:51]} Nc6 {[%emt 0:02:50]} 14. Be3 {[%emt 0:00:55]} Ne5 {[%emt 0:13:47]} 15.
Bd4 {[%emt 0:03:33]} Nc6 {[%emt 0:00:14]} 16. Be3 {[%emt 0:00:46]} 1/2-1/2

[Event "GX Alekhine Open de Outono 2022"]
[Site "Lisboa, Portugal"]
[Date "????.??.??"]
[Round "7.2"]
[White "Miranda, Raul Augusto Barros"]
[Black "Curado, Manuel Joao Ferro"]
[Result "1/2-1/2"]
[WhiteElo "1682"]
[BlackElo "1715"]
[PlyCount "61"]

1. e4 e5 {[%emt 0:00:23]} 2. Nf3 {[%emt 0:00:31]} Nf6 {[%emt 0:00:08]} 3. Nxe5
{[%emt 0:02:13]} d6 {[%emt 0:00:11]} 4. Nf3 {[%emt 0:00:16]} Nxe4 {[%emt 0:00:
13]} 5. d4 {[%emt 0:00:06]} d5 {[%emt 0:00:12]} 6. Bd3 {[%emt 0:01:22]} Be7 {
[%emt 0:06:39]} 7. O-O {[%emt 0:01:36]} O-O {[%emt 0:03:22]} 8. Nbd2 {[%emt 0:
04:41]} Bf5 {[%emt 0:05:29]} 9. Re1 {[%emt 0:03:37]} Nd6 {[%emt 0:01:02]} 10.
Bxf5 {[%emt 0:05:24]} Nxf5 {[%emt 0:00:02]} 11. Nf1 {[%emt 0:00:24]} c6 {
[%emt 0:12:02]} 12. Bf4 {[%emt 0:08:01]} Nd7 {[%emt 0:07:12]} 13. Qd3 {[%emt 0:
05:10]} Nd6 {[%emt 0:05:36]} 14. Ng3 {[%emt 0:04:19]} Nf6 {[%emt 0:02:47]} 15.
Nf5 {[%emt 0:06:31]} Nxf5 {[%emt 0:05:41]} 16. Qxf5 {[%emt 0:00:56]} Ne4 {
[%emt 0:04:28]} 17. Ne5 {[%emt 0:02:07]} Qc8 {[%emt 0:14:07]} 18. Qxc8 {
[%emt 0:05:12]} Raxc8 {[%emt 0:00:08]} 19. f3 {[%emt 0:00:09]} Bg5 {[%emt 0:06:
20]} 20. Bxg5 {[%emt 0:06:46]} Nxg5 {[%emt 0:00:06]} 21. c3 {[%emt 0:00:33]} f6
{[%emt 0:03:22]} 22. Nd7 {[%emt 0:02:53]} Rfe8 {[%emt 0:00:45]} 23. Nc5 {
[%emt 0:00:59]} b6 {[%emt 0:02:50]} 24. Nd3 {[%emt 0:00:27]} Kf7 {[%emt 0:01:
33]} 25. Nb4 {[%emt 0:03:13]} a5 {[%emt 0:01:29]} 26. Rxe8 {[%emt 0:04:49]}
Kxe8 {[%emt 0:00:09]} 27. Re1+ {[%emt 0:00:19]} Kd7 {[%emt 0:00:32]} 28. Nd3 {
[%emt 0:00:14]} Re8 {[%emt 0:00:24]} 29. Rxe8 {[%emt 0:01:38]} Kxe8 {[%emt 0:
00:02]} 30. Nf4 {[%emt 0:00:59]} Kf7 {[%emt 0:00:22]} 31. h4 {[%emt 0:00:02]}
1/2-1/2